000
00331nam a2200121Ia 4500
008
220214s9999 xx 000 0 und d
245
0
_a
Indian and foreign review
260
_b
Indian and Foreign Review
_a
New Delhi
310
_a
F
500
_a
Ending Volume & Year: 15, 1977
500
_a
Starting Volume & Year: 1, 1963
942
_c
BJ
999
_c
853
_d
853